00217nam a22000977a 4500020001800000082001000018100001900028245002500047260003800072300000900110 a9780071078122 a300.2 aNarendar Singh aIndustrial Sociology aNew DelhibTata McGraw Hillc2012 a404p